母音で市区町村(6発音以上) - Statistics

General Stats
  • This quiz has been taken 130 times
  • The average score is 75 of 112
Answer Stats
都道府県名(漢字) 母音 答え % Correct
福島県 アイウアアアウ 会津若松市
88%
北海道 オオイエッウ 音威子府村
84%
東京都 イアイウアアア 東村山市
84%
滋賀県 オウイアイアン 近江八幡市
84%
茨城県 イアイオオイア 常陸大宮市
83%
東京都 イアイウウエ 東久留米市
83%
新潟県 イアイウオウア 南魚沼市
83%
山梨県 イアイアウウウ 南アルプス市
83%
秋田県 ウイオンオウ 由利本荘市
82%
茨城県 イアイオオア 常陸太田市
82%
茨城県 ウウアイアイ つくばみらい市
82%
岩手県 イウエンアアア 陸前高田市
81%
東京都 ウアイウアアア 武蔵村山市
81%
栃木県 アウイオアア 那須塩原市
79%
千葉県 イアイオウオウ 南房総市
79%
神奈川県 イアイアイアア 南足柄市
79%
大阪府 イアイオオアア 東大阪市
79%
宮城県 イアイアウイア 東松島市
78%
北海道 イアイウアオ 南富良野町
77%
福島県 アイウアンエ 会津坂下町
77%
茨城県 アウイアウア かすみがうら市
77%
千葉県 オオアイイアアオ 大網白里市
77%
東京都 イイオウオウ 西東京市
77%
福井県 イアイエイエン 南越前町
77%
広島県 イアイイオイア 東広島市
77%
山口県 アンオウオオア 山陽小野田市
77%
福岡県 イアウウウウ 北九州市
77%
鹿児島県 イアイウウウウ 南九州市
77%
北海道 イアイオイア 北広島市
75%
栃木県 アウアアウアア 那須烏山市
75%
埼玉県 イアイアウアア 東松山市
75%
滋賀県 イアイオウイ 東近江市
75%
奈良県 アアオオオイアア 大和郡山市
75%
大分県 ウンオオオオ 豊後大野市
75%
東京都 イアイアアオ 東大和市
74%
愛媛県 イオウウウオウ 四国中央市
74%
鹿児島県 アウアエンアイ 薩摩川内市
74%
北海道 イイオオッエ 西興部村
73%
大分県 ウンオアアア 豊後高田市
73%
福島県 イアイオウア 南相馬市
71%
長野県 オアアオンエン 野沢温泉村
71%
大阪府 オオアアアアア 大阪狭山市
71%
北海道 インオウアア 新十津川町
70%
福島県 アイウイアオ 会津美里町
70%
石川県 オウアウイイウ 宝達志水町
70%
山梨県 ウイアアウイオ 富士河口湖町
70%
京都府 アアオアオウ 長岡京市
70%
香川県 イアイアアア 東かがわ市
70%
福島県 イアイアイウ 南会津町
69%
長崎県 イアイイアアア 南島原市
69%
長崎県 インアイオオウ 新上五島町
69%
鹿児島県 イイイウイイオ いちき串木野市
69%
岩手県 アイアンアイ 八幡平市
68%
埼玉県 イアイイイウ 東秩父村
68%
大阪府 イウイオオウ 泉大津市
68%
兵庫県 アンアアアアア 丹波篠山市
68%
兵庫県 インオンエン 新温泉町
68%
岐阜県 イアイイアアア 東白川村
66%
愛知県 オアイアアイ 尾張旭市
66%
大阪府 アアイアアオ 河内長野市
66%
大阪府 イアアアアアア 千早赤阪村
66%
兵庫県 イアイアアイ 南あわじ市
66%
奈良県 アアオアアア 大和高田市
66%
愛媛県 ウアオウエン 久万高原町
66%
熊本県 アイアアウア 上天草市
66%
鹿児島県 イアイアウア 南さつま市
66%
沖縄県 イアイアイオウ 南大東村
66%
沖縄県 イアアイオウ 北大東村
66%
北海道 アアオンエウ 浜頓別町
65%
宮城県 イアイアンイウ 南三陸町
65%
広島県 インエイオウエン 神石高原町
65%
鹿児島県 イアイオオウイ 南大隅町
65%
和歌山県 アイアウウア 那智勝浦町
64%
宮崎県 イアオオオウ 都城市
64%
茨城県 イアイアアイ 北茨城市
62%
千葉県 オウアイオウ 四街道市
62%
大阪府 オンアアアイ 富田林市
62%
岡山県 イイウウオウ 吉備中央町
62%
山口県 ウオウオオイア 周防大島町
62%
北海道 アアオンエウ 中頓別町
61%
千葉県 オオイアイアイ 横芝光町
61%
京都府 イアイアアイオ 南山城村
61%
鳥取県 アアイイアオ 境港市
61%
秋田県 アイオウアア 八郎潟町
60%
群馬県 イアイアアウア 東吾妻町
60%
岐阜県 アアイアアア 各務原市
60%
広島県 イアイオイア 北広島町
60%
長崎県 イアイオオイ 東彼杵町
60%
沖縄県 イアアアウウウ 北中城村
60%
大阪府 イオウアアエ 四條畷市
58%
徳島県 イアイイオイ 東みよし町
57%
鹿児島県 イイオオオエ 西之表市
57%
新潟県 アアイアウア 粟島浦村
56%
山梨県 イイアアイアオ 市川三郷町
56%
長野県 イアイアイイ 南相木村
56%
京都府 オオアアアイ 大山崎町
55%
奈良県 イアイオイオ 東吉野村
55%
広島県 オオアイアイイア 大崎上島町
55%
奈良県 アイイアアア 上北山村
52%
奈良県 イオイアアア 下北山村
51%
秋田県 イアイアウエ 東成瀬村
49%
長野県 イアイイオア 南箕輪村
49%
北海道 イアイアウア 東神楽町
48%
北海道 アアアウアイ 中札内村
47%
岡山県 イイアアウア 西粟倉村
47%
北海道 ウオアウアイ 黒松内町
45%
北海道 アイウアアア 上砂川町
45%
青森県 イアイオオイ 東通村
44%
福島県 イアイオアア 北塩原村
43%
熊本県 イアイオウイ 南小国町
40%
鹿児島県 イアイウイア 東串良町
36%
長野県 イイアアイア 木島平村
32%
No matching quizzes found
Score Distribution
Percent of People with Each Score
Percentile by Number Answered
Your Score History
You have not taken this quiz